[Event "Thompson Memorial op U2000"]
[Site "Dallas"]
[Date "2001.09.15"]
[Round "2"]
[White "Ushakiva, Yekaterina"]
[Black "Griggs, Scott"]
[Result "1-0"]
[WhiteElo "1872"]
[BlackElo "1884"]
[PlyCount "51"]
[EventDate "2001.09.14"]
[EventType "swiss"]
[EventRounds "5"]
[EventCountry "USA"]
[SourceTitle "EXT 2005"]
[Source "ChessBase"]
[SourceDate "2004.11.15"]
[SourceVersion "1"]
[SourceVersionDate "2004.11.15"]
[SourceQuality "1"]

1. e4 c5 2. Nf3 e6 3. d4 cxd4 4. Nxd4 Nf6 5. Nc3 d6 6. Be3 Nc6 7. Be2 Be7 8. 0-0 0-0 9. Nb3 a6 10. f4 Qc7 11. Bf3 Rb8 12. Qe1 b5 13. Kh1 Bb7 14. Qg3 Kh8 15. Rfe1 e5 16. Rad1 Rbd8 17. Qf2 Ba8 18. Nd5 Nxd5 19. exd5 Nb4 20. a3 Qxc2 21. axb4 Qxb3 22. Bb6 Rd7 23. fxe5 dxe5 24. Rxe5 Bf6 25. Re3 Qxb2 26. Qe1 1-0

[Event "Thompson Memorial op U2000"]
[Site "Dallas"]
[Date "2001.09.15"]
[Round "3"]
[White "Yeh, Peter"]
[Black "Ushakiva, Yekaterina"]
[Result "0-1"]
[WhiteElo "1846"]
[BlackElo "1872"]
[PlyCount "52"]
[EventDate "2001.09.14"]
[EventType "swiss"]
[EventRounds "5"]
[EventCountry "USA"]
[SourceTitle "EXT 2005"]
[Source "ChessBase"]
[SourceDate "2004.11.15"]
[SourceVersion "1"]
[SourceVersionDate "2004.11.15"]
[SourceQuality "1"]

1. e4 c5 2. Nf3 e6 3. d4 cxd4 4. Nxd4 Nf6 5. Nc3 d6 6. Bc4 Be7 7. 0-0 Nc6 8. Be3 0-0 9. Nb3 a6 10. a4 b6 11. f3 Bb7 12. Qd2 Ne5 13. Be2 d5 14. exd5 Nxd5 15. Nxd5 Bxd5 16. Qd4 Nd7 17. Qd2 Qc7 18. Rac1 Rfd8 19. c4 Bc6 20. Ra1 Nc5 21. Qc2 Bxa4 22. Bxc5 Bxc5+ 23. Kh1 Bxb3 24. Qxb3 Rd2 25. Bd3 Qe5 26. Be4 Bd6 0-1

[Event "Ken Smith Memorial op U2000"]
[Site "Dallas"]
[Date "2001.02.24"]
[Round "3"]
[White "Ushakiva, Yekaterina"]
[Black "Griggs, Scott"]
[Result "1/2-1/2"]
[WhiteElo "1890"]
[BlackElo "1878"]
[PlyCount "68"]
[EventDate "2001.02.23"]
[EventType "swiss"]
[EventRounds "5"]
[EventCountry "USA"]
[SourceTitle "EXT 2005"]
[Source "ChessBase"]
[SourceDate "2004.11.15"]
[SourceVersion "1"]
[SourceVersionDate "2004.11.15"]
[SourceQuality "1"]

1. e4 c5 2. Nf3 e6 3. d4 cxd4 4. Nxd4 Nf6 5. Nc3 d6 6. Be3 Be7 7. Be2 a6 8. 0-0 0-0 9. Nb3 Qc7 10. f4 Nc6 11. a3 b5 12. Qe1 Bb7 13. Bf3 Rfe8 14. Qf2 Nd7 15. Rad1 Rac8 16. Rd2 Na5 17. Nxa5 Qxa5 18. Bg4 Qc7 19. f5 e5 20. Nd5 Bxd5 21. exd5 Bf6 22. h4 Nc5 23. Qf3 e4 24. Qh3 Qe7 25. g3 Nd7 26. c3 Ne5 27. Be2 Nc4 28. Bxc4 Rxc4 29. Rg2 a5 30. g4 Qd7 31. g5 Be5 32. Qg4 g6 33. h5 b4 34. cxb4 axb4 1/2-1/2